000 00785nam a2200205Ii 4500
003 JO-AjNU
008 230605s9999||||xx |||||||||||||| ||und||
040 _aJO-AjNU
_bara
_erda
_cJO-AjNU
041 _aara
050 1 4 _aBP133.S88 1988
100 3 _aالسيوطي، ابي الفضل جلال الدين عبد الرحمن أبي بكر؛ شرح وتعليق سمير حسين حلبي,
_eauthor
_936557
245 0 0 _aالمهذب فيما وقع في القرآن من المعرب
250 _aط1
264 3 1 _aبيروت: دار الكتب العلمية، 1988
300 _a192ص
336 _atext
_btxt
_2rdacontent
337 _aunmediated
_bn
_2rdamedia
338 _avolume
_bnc
_2rdacarrier
650 4 _aالقران - الفاظ - القران - اعراب
_936558
999 _aA15199
_c18767
_d18767